Quiz wiedzy ogólnej #1 - Statystyki

Ogólne statystyki
  • Ten quiz został rozwiązany 5 966 razy
  • Średni wynik to 8 z 20
Statystyki odpowiedzi
Pytanie Odpowiedź % Poprawnych
W jakim języku zawsze odprawiano msze katolickie, aż do lat sześćdziesiątych XX wieku? Język {łaciński}
89%
Jaki pierwiastek ma symbol Pb? Ołów
81%
Jaki jest najmniejszy ptak na świecie? Koliberek hawański
79%
Kto jest najbardziej znanym szwedzkim zespołem wszech czasów? ABBA
68%
Który kraj zbudował Linię Maginota, aby odeprzeć atak ze strony wschodniego sąsiada? (sama linia nie zadziałała) Francja
61%
Jaka jest stolica Filipin? Manila
58%
Jaki jest najbardziej zaludniony stan USA? Kalifornia
57%
Jakie jest hiszpańskie słowo oznaczające byka? Toro
42%
Zachodni Brzeg to jedno terytorium palestyńskie. Jaki jest ten drugi? Strefa Gazy
38%
Jakie miasto graniczy ze Złotym Rogiem, Bosforem i Morzem Marmara? Stambuł
35%
Jaki jest jedyny pierwiastek zaczynający się na literę Z? Złoto
34%
Kim była druga żona Johna Lennona? Yoko Ono
31%
Która z metropolii o ludności przekraczającej 10 milionów położona jest najbliżej Nowego Jorku? Meksyk
20%
Kto powiedział o swoim synu: „Chcę, aby Brooklyn został ochrzczony, ale jeszcze nie wiem w jakiej religii”? David Beckham
17%
Który z byłych rzeczników patentowych został nazwany „Człowiekiem Stulecia” w czasopiśmie Time Magazine w 1999 roku? Albert Einstein
15%
Kto zmarł w 1948 r., nie zdobywając nigdy Pokojowej Nagrody Nobla? (ogłoszono to największym ominięciem w historii nagrody) Mahatma Gandhi
15%
Na jakiej wyspie znajduje się miasto Honolulu? Oahu
10%
Jakie pojedyncze słowo brzmi jak "Młodzież w Azji" w angielskim tłumaczeniu? Eutanazja
8%
"Kim" byli Harvey, Irma i Maria? Huraganami
7%
Jak nazywa się najmniejsze zwierzę w miocie? Karzeł
3%
Nie znaleziono quizów pasujących do podanych kryteriów
Rozkład punktacji
Procent ludzi z każdym wynikiem
Percentyl według liczby udzielonych odpowiedzi
Twoja historia wyników
Nie rozwiązałeś tego quizu